Quizzes
Events
Quiz Creation
Community
Videos
Private Events
Remove Ads
Sign In
Join for FREE
Feedback
Dark Mode
Quiz Categories
Sports
Geography
Music
Movies
Television
Just For Fun
Miscellaneous
History
Literature
Language
Science
Gaming
Entertainment
Religion
Holiday
For Kids
Quiz Lab
Recent
Popular Today
Quiz Kudos Today
Editor Picks
Curator Picks
Quizzes by...
Day
Popularity
Type
Ratings
Length
Year
Community
Subscriptions
Recent Discussions
Orange Saloon
Badges
Playlists
Quests
Create
Leaderboards
Showdown
Live 5
Trivia Bingo
Activity
Puzzle Library
Sporcle Events
Private Events
Virtual Trivia
Globe League
Become a Host
Pub Owners
SporcleCon
Opinionation
Our Games
Videos
Blog
Mobile Apps
Partnerships
Remove Ads and Go Orange
Feedback
Television
TV Characters
TV Show
Sitcom
Network
Friends
Reality Shows
Cast
South Park
Star Trek
The Simpsons
Doctor Who
Television
TV Characters
TV Show
Sitcom
Network
Friends
Reality Shows
Cast
South Park
Star Trek
The Simpsons
Doctor Who
Random Quiz
Search Sporcle
×
Quiz Lab
Quiz Lab
Television
Drama
Type in answers that appear in a list
Type in answers that appear in a list
Classic
Best Score? Go Orange.
Grey's Anatomy Episodes Stats
Can you name the Grey's Anatomy Episodes?
By
Gal
12m
63 Questions
124 Plays
124 Plays
124 Plays
Comments
Comments
Give Quiz Kudos
Give Quiz Kudos
-
- Ratings
hide this ad
Forced Order
Answers have to be entered in order
Answers have to be entered in order
Random Order
Randomize order of answers
Randomize order of answers
Replay
Link that replays current quiz
Next Quiz
Link to next quiz in quiz playlist
You Got
0%
They Got
Avg Score
45%
Avg Friend Score
Upgrade to see
Score Distribution
Jump to the score distribution portion of the page
Score
0/63
Timer
12:00
0
Plays Today
Episode
Name Of The Episode
% Correct
Season 1 Episode 1
A Hard Day's Night
73.4%
Season 8 Episode 24
Flight
70.2%
Season 6 Episode 24
Death and All His Friends
67.7%
Season 2 Episode 27
Losing My Religion
63.5%
Season 9 Episode 1
Going Going Gone
56.5%
Season 5 Episode 24
Now Or Never
56.5%
Season 2 Episode 25
17 Seconds
55.6%
Season 4 Episode 17
Freedom
54.8%
Season 8 Episode 23
Migration
54.8%
Season 2 Episode 16
It's the End of the World
54%
Season 7 Episode 18
Song Beneath the Song
54%
Season 7 Episode 20
White Wedding
51.6%
Season 6 Episode 10
Holidaze
51.6%
Season 7 Episode 1
With You I'm Born Again
51.6%
Season 6 Episode 2
Goodbye
50.8%
Season 1 Episode 8
Save Me
50.8%
Season 4 Episode 1
A Change Is Gonna Come
50%
Season 6 Episode 6
I Saw What I Saw
49.6%
Season 5 Episode 19
Elevator Love Letter
49.2%
Season 2 Episode 18
Yesterday
49.2%
Season 6 Episode 22
Shiny Happy People
49.2%
Season 6 Episode 5
Invasion
48.4%
Season 8 Episode 7
Put Me In, Coach
46.8%
Season 8 Episode 8
Heart-Shaped Box
46.8%
Season 3 Episode 2
I Am a Tree
46%
Season 7 Episode 11
Disarm
45.2%
Season 4 Episode 13
Piece Of My Heart
44.4%
Season 3 Episode 4
What I Am
44.4%
Season 7 Episode 3
Superfreak
44.4%
Season 7 Episode 6
These Arms of Mine
44.4%
Season 6 Episode 11
Blink
43.5%
Season 8 Episode 18
The Lion Sleeps Tonight
43.5%
Episode
Name Of The Episode
% Correct
Season 7 Episode 9
Slow Night, So Long
43.5%
Season 4 Episode 14
The Becoming
43.5%
Season 8 Episode 2
She's Gone
42.6%
Season 4 Episode 8
Forever Young
42.5%
Season 7 Episode 15
Golden Hour
41.9%
Season 9 Episode 2
Remember The Time
41.7%
Season 8 Episode 14
All You Need Is Love
41.1%
Season 5 Episode 18
Stand By Me
41.1%
Season 7 Episode 2
Shock to the System
40.8%
Season 6 Episode 15
The Time Warp
40.3%
Season 9 Episode 5
Beautiful Doom
40.3%
Season 5 Episode 15
Before and After
39.5%
Season 5 Episode 16
An Honest Mistake
39.5%
Season 7 Episode 5
Almost Grown
39.5%
Season 7 Episode 17
This Is How We Do It
38.7%
Season 5 Episode 20
Sweet Surrender
38.3%
Season 9 Episode 6
Second Opinion
38.3%
Season 6 Episode 8
Invest In Love
37.9%
Season 8 Episode 19
Support System
37.9%
Season 9 Episode 3
Love the One You're With
37.9%
Season 8 Episode 22
Let the Bad Times Roll
37.9%
Season 8 Episode 6
Poker Face
37.5%
Season 7 Episode 21
I Will Survive
37.1%
Season 7 Episode 12
Start Me Up
37.1%
Season 3 Episode 12
Six Days
36.5%
Season 6 Episode 9
New History
36.5%
Season 8 Episode 12
Hope for the Hopeless
36.3%
Season 5 Episode 17
I Will Follow You Into the Dark
35.8%
Season 9 Episode 4
I Saw Her Standing There
34.7%
Season 3 Episode 21
Desire
33.1%
Season 3 Episode 20
Time After Time
31.6%
Quiz Playlist
Details
Report
Send in Message
Add To Playlist
Classic:
Type in answers that appear in a list
Forced Order:
Answers have to be entered in order
Random Order:
Randomize order of answers
Last Updated: Feb 16, 2017
Quiz Scoreboard
CHALLENGE
Sign Up to Join the Scoreboard
Show All
Scores
Hide
Comments
May contain spoilers
Recently Published
Decade Duel: World Leaders
by jenniferyan
History
4m
Alphabetical 'K' Countries by Flag Minefield
by ylime102
Geography
3m
Pick 6: Fruits
by JohnFran
Miscellaneous
15s
More to Explore
Quiz From the Vault
Featured Blog Post
15 Basketball Trivia Facts You Can Be March Mad About
hide this ad
You Might Also Like...
Tags
Drama
episode
Grey
Grey's Anatomy
TV Theme
Today's Top Quizzes in Television
Browse Television
hide this ad
Today's Top Quizzes in Drama
Browse Drama
Top Contributed Quizzes in Television
1
Hidden Simpsons Character
2
First Name TV: Leading Men
3
Hidden Simpsons Character XXIV
4
Hidden Simpsons Character II
5
First Name TV: Leading Women Drama
6
Hidden Simpsons Character III
7
Hidden Simpsons Character XXV
8
Hidden Simpsons Character XXVI
9
Pick A Pair: Religious TV
10
One Piece Logic Puzzle
Explore More
Trending Topics
Anime
Harry Potter
NBA
Kpop
Marvel
Crossword
Disney
The Office
Puzzle
Pokémon
WWE
NFL
Country
Soccer
Song
hide this ad
More By:
Gal
Quiz
Plays
Rating
Category
Featured
Created
Pretty little liars theme song
2,395
2.33
Television
Nov 18, 2012
All Grey's Anatomy Episodes
601
5.00
Television
Dec 1, 2012
Grey's Anatomy Seasons 1-3 Episdoes
173
5.00
Television
Dec 30, 2012
Grey's Anatomy Episodes
124
3.00
Television
Nov 8, 2012
Grey's Anatomy Season 7-9 Episodes
105
5.00
Television
Dec 28, 2012
Go to Creator's Profile
Score Distribution
Quiz Creator Spotlight
Gal
Follow
Send a Message
Quizzes Created
-
Created Quiz Play Count
-
More By This Creator
Popular Quizzes Today
1
Countries of Asia Without Outlines Minefield
2
Find the US States - No Outlines Minefield
3
Pick 6: Fruits
4
Alphabetical 'K' Countries by Flag Minefield
5
The Countries of the World
6
Find the Countries of Europe - No Outlines Minefield
7
Find the US States
8
US States
More Television Quizzes
Quick Pick: Love Interests Of Michael Scott
Quiz Lab
Trending Quizzes
Pick 6: Mountains
Pick 6: Harry Potter
Pick 6: Flags
Pick 6: NFL Teams
Pick 6: Movie Franchises
Recently Updated
Adaptations: Name the Title
pecheneg
NWSL Teams
pecheneg
Women's Final Four Teams by Year
bhenderson79
Presidents Quartet II
eogle
Anything But Clue(do)
eogle
Anything But Oceanian Capitals
eogle
Anything But 7
eogle
Anything But Thing
eogle
Word Ladder: February 29
pecheneg
Song Title Questions
pecheneg
Trending Topics
NBA
Crossword
Anime
Harry Potter
Marvel
Kpop
Disney
Country
Pokémon
NFL
Puzzle
The Office
Soccer
Song
WWE
Your Account Isn't Verified!
In order to create a playlist on Sporcle, you need to verify the email address you used during registration. Go to your
Sporcle Settings
to finish the process.
Report this User
Report this user for behavior that violates our
Community Guidelines
.
Details:
Send Report
Go to the Sporcle.com Mobile Site →
Comments